| 000 | 00469cam a2200193ua 4500 | ||
|---|---|---|---|
| 001 | 8899 | ||
| 008 | 150218n ii |||gr||||Z||||||asm | ||
| 020 | _a9788173310713 | ||
| 040 | _cMAIN | ||
| 041 | _aasm | ||
| 082 | _a891.4513 | ||
| 100 |
_aKalita, A. P., _eAuthor. |
||
| 245 | 1 |
_aAyanaanta _cBy Arupa Patangia Kalita |
|
| 250 | _a5th. | ||
| 260 |
_aGuwahati: _bLawyer, _c2008. |
||
| 300 | _a269p. | ||
| 653 | _aEast Indo-European & Celtic literatures | ||
| 942 | _cBK | ||
| 999 |
_c7993 _d7993 |
||